000 00559nam a2200181Ia 4500
005 20250508154707.0
008 008 250505s9999 xx 000 0 eng d
037 _aTextual
040 _aFEDL
_beng
_cFEDL
041 _aeng
_2eng
084 _a910.7, UNE
_qFEDL
245 0 _aUNESCO Source book for geography teaching
245 0 _cUNESCO (Paris France)
260 _aParis, France
_bUnited Nations Educational, Scientific and Cultural Organization
_c1965
300 _axvi,254p
942 _cTEXL
_h910.7, UNE
999 _c1351631
_d1351631